|
|
|
|
| LEADER |
00000nab a2200000 a 4500 |
| 001 |
vtls000632003 |
| 003 |
SK-MaSNL |
| 005 |
20260304094933.0 |
| 008 |
250425c1997 xo 0 slo |
| 015 |
|
|
|a SNBRB19rr/mm-uuuuu
|
| 035 |
|
|
|a CL0632142
|
| 035 |
|
|
|a urn:nbn:sk:snk-abbr0x
|
| 035 |
|
|
|a (urnnbn)urn:nbn:sk:snk:ar-0000tn
|
| 035 |
|
|
|a (uuid)69dfb2ce-a395-4443-8b15-dfcdb8f57f72
|
| 040 |
|
|
|a SNKBUCL
|b slo
|c SNKBUCL
|e AACR2
|
| 041 |
0 |
|
|a slo
|
| 044 |
|
|
|a xo
|c SK
|
| 080 |
|
|
|a 82.09:885.4-1(048)
|2 1981
|
| 080 |
|
|
|a 885.4-1(048)
|2 1981
|
| 100 |
1 |
|
|a Milčák, Marián,
|d 1960-
|4 aut
|9 102087
|
| 245 |
1 |
0 |
|a K poetike Mitanovho básnického textu
|c Marián Milčák
|
| 650 |
0 |
7 |
|a slovenská poézia
|2 snkbucl
|9 215422
|
| 655 |
|
7 |
|a recenzie
|2 snkbucl
|9 21907
|
| 655 |
|
7 |
|a články z novín a časopisov
|2 snkbucl
|9 267496
|
| 773 |
0 |
|
|t Romboid
|g Roč. 32, č. 2-3 (1997), s. 110-112
|x 0231-6714
|
| 787 |
0 |
8 |
|i Rec.:
|a Mitana, Dušan
|t Maranatha
|d Bratislava : Slovenský spisovateľ, 1996
|
| 850 |
|
|
|a Slovenská národná knižnica
|
| 852 |
|
|
|a Slovenská národná knižnica
|
| 958 |
|
|
|a article15
|
| 958 |
|
|
|a LX
|
| 958 |
|
|
|a SK
|
| 958 |
|
|
|a RK
|
| 958 |
|
|
|a OND
|
| 958 |
|
|
|a EUIPO
|
| 992 |
|
|
|a RBX
|
| 999 |
|
|
|c 2829821
|d 2831751
|